<?xml version="1.0" encoding="UTF-8"?><?xml-stylesheet type="text/xsl" href="static/style.xsl"?><OAI-PMH xmlns="http://www.openarchives.org/OAI/2.0/" xmlns:xsi="http://www.w3.org/2001/XMLSchema-instance" xsi:schemaLocation="http://www.openarchives.org/OAI/2.0/ http://www.openarchives.org/OAI/2.0/OAI-PMH.xsd"><responseDate>2026-04-18T04:23:44Z</responseDate><request verb="GetRecord" identifier="oai:www.recercat.cat:20.500.12327/1738" metadataPrefix="marc">https://recercat.cat/oai/request</request><GetRecord><record><header><identifier>oai:recercat.cat:20.500.12327/1738</identifier><datestamp>2025-10-22T11:27:44Z</datestamp><setSpec>com_2072_4428</setSpec><setSpec>com_2072_4427</setSpec><setSpec>col_2072_487898</setSpec></header><metadata><record xmlns="http://www.loc.gov/MARC21/slim" xmlns:dcterms="http://purl.org/dc/terms/" xmlns:xsi="http://www.w3.org/2001/XMLSchema-instance" xmlns:doc="http://www.lyncode.com/xoai" xsi:schemaLocation="http://www.loc.gov/MARC21/slim http://www.loc.gov/standards/marcxml/schema/MARC21slim.xsd">
   <leader>00925njm 22002777a 4500</leader>
   <datafield ind2=" " ind1=" " tag="042">
      <subfield code="a">dc</subfield>
   </datafield>
   <datafield ind2=" " ind1=" " tag="720">
      <subfield code="a">Ballester, Maria</subfield>
      <subfield code="e">author</subfield>
   </datafield>
   <datafield ind2=" " ind1=" " tag="720">
      <subfield code="a">Ramayo-Caldas, Yuliaxis</subfield>
      <subfield code="e">author</subfield>
   </datafield>
   <datafield ind2=" " ind1=" " tag="720">
      <subfield code="a">Revilla, Manuel</subfield>
      <subfield code="e">author</subfield>
   </datafield>
   <datafield ind2=" " ind1=" " tag="720">
      <subfield code="a">Corominas, Jordi</subfield>
      <subfield code="e">author</subfield>
   </datafield>
   <datafield ind2=" " ind1=" " tag="720">
      <subfield code="a">Castelló, Anna</subfield>
      <subfield code="e">author</subfield>
   </datafield>
   <datafield ind2=" " ind1=" " tag="720">
      <subfield code="a">Estellé, Jordi</subfield>
      <subfield code="e">author</subfield>
   </datafield>
   <datafield ind2=" " ind1=" " tag="720">
      <subfield code="a">Fernández, Ana I.</subfield>
      <subfield code="e">author</subfield>
   </datafield>
   <datafield ind2=" " ind1=" " tag="720">
      <subfield code="a">Folch, Josep M.</subfield>
      <subfield code="e">author</subfield>
   </datafield>
   <datafield ind2=" " ind1=" " tag="260">
      <subfield code="c">2017-04-19</subfield>
   </datafield>
   <datafield ind2=" " ind1=" " tag="520">
      <subfield code="a">In the present study, liver co-expression networks and expression Genome Wide Association Study&#xd;
(eGWAS) were performed to identify DNA variants and molecular pathways implicated in the functional&#xd;
regulatory mechanisms of meat quality traits in pigs. With this purpose, the liver mRNA expression of&#xd;
44 candidates genes related with lipid metabolism was analysed in 111 Iberian x Landrace backcross&#xd;
animals. The eGWAS identified 92 eSNPs located in seven chromosomal regions and associated with&#xd;
eight genes: CROT, CYP2U1, DGAT1, EGF, FABP1, FABP5, PLA2G12A, and PPARA. Remarkably,&#xd;
cis-eSNPs associated with FABP1 gene expression which may be determining the C18:2(n-6)/&#xd;
C18:3(n-3) ratio in backfat through the multiple interaction of DNA variants and genes were identified.&#xd;
Furthermore, a hotspot on SSC8 associated with the gene expression of eight genes was identified&#xd;
and the TBCK gene was pointed out as candidate gene regulating it. Our results also suggested that&#xd;
the PI3K-Akt-mTOR pathway plays an important role in the control of the analysed genes highlighting&#xd;
nuclear receptors as the NR3C1 or PPARA. Finally, sex-dimorphism associated with hepatic lipid&#xd;
metabolism was identified with over-representation of female-biased genes. These results increase our&#xd;
knowledge of the genetic architecture underlying fat composition traits.</subfield>
   </datafield>
   <datafield ind1="8" ind2=" " tag="024">
      <subfield code="a">Ballester, Maria, Yuliaxis Ramayo-Caldas, Manuel Revilla, Jordi Corominas, Anna Castelló, Jordi Estellé, Ana I. Fernández, and Josep M. Folch. 2017. "Integration Of Liver Gene Co-Expression Networks And Egwas Analyses Highlighted Candidate Regulators Implicated In Lipid Metabolism In Pigs". Scientific Reports 7 (1). doi:10.1038/srep46539.</subfield>
   </datafield>
   <datafield ind1="8" ind2=" " tag="024">
      <subfield code="a">2045-2322</subfield>
   </datafield>
   <datafield ind1="8" ind2=" " tag="024">
      <subfield code="a">http://hdl.handle.net/20.500.12327/1738</subfield>
   </datafield>
   <datafield ind1="8" ind2=" " tag="024">
      <subfield code="a">https://doi.org/10.1038/srep46539</subfield>
   </datafield>
   <datafield ind2="0" ind1="0" tag="245">
      <subfield code="a">Integration of liver gene co-expression networks and eGWAs analyses highlighted candidate regulators implicated in lipid metabolism in pigs</subfield>
   </datafield>
</record></metadata></record></GetRecord></OAI-PMH>